• 首页
  • 本馆介绍
  • 公告通知
  • 最新文献
  • 馆藏检索
  • 电子资源
  • 读者导购
  • 参考咨询
  • 我的图书馆
  • 登录
  • 详细信息显示
  • 放入我的书架
  • 预约/预借图书
  • 作者相关作品
  • 分类相关作品
  • 丛书相关作品
  • 出版社相关作品

书目信息

  • 表格格式
  • 工作单格式
  • 卡片格式
题名:
简明美学辞典
    
 
作者: 奥夫相尼柯夫 , 拉祖姆内依 主编 ;冯申 , 高叔眉 译
分册:  
出版信息: 北京   知识出版社  1981
页数: 258页
开本: 19cm
丛书名:
单 册:
中图分类: B83-61
科图分类:
主题词: 美学--词典
电子资源:
ISBN:
000 00683nam0 2200229 45
001 0181024692
005 20060814090726.60
010    @dCNY0.88
091    @a2214.1
100    @a20810111d1981 km y0chiy0120 ea
101 0  @achi
200 1  @a简明美学辞典@AJian Ming Mei Xue Ci Dian@f(苏)奥夫相尼柯夫,拉祖姆内依主编@F(Su)Ao Fu Xiang Ni Ke Fu,La Zu Mu Nei Yi Zhu Bian@g冯申译@g高叔眉校
210    @a北京@c知识出版社@d1981
215    @a258页@d19cm
606 0  @a美学@x词典
690    @aB83-61@v3
701  0 @a奥夫相尼柯夫@4主编
701  0 @a拉祖姆内依@4主编
702  0 @a冯申@AFeng Shen@4译
702  0 @a高叔眉@AGao Shu Mei@4校
801    @aCN@bTSTC@c20060814
905    @dB83-61@e11
    
    简明美学辞典/(苏)奥夫相尼柯夫,拉祖姆内依主编/冯申译/高叔眉校.-北京:知识出版社,1981
    258页;19cm
    
    
    ISBN :CNY0.88
    
●
相关链接 在E读中查询图书 在五车中查询图书 在当当中查询图书 在豆瓣中查询图书


正题名:简明美学辞典     索取号:B83-61/11         预约/预借

序号 登录号 条形码 馆藏地/架位号 状态 备注
1 0053175   001530230   密集书库/ [索取号:B83-61/11] 在馆    
2 0053177   001798399   密集书库/ [索取号:B83-61/11] 在馆    
3 0053178   001721444   密集书库/ [索取号:B83-61/11] 在馆    
4 0053179   000515945   密集书库/ [索取号:B83-61/11] 在馆    
5 0053180   001531925   密集书库/ [索取号:B83-61/11] 在馆    
6 0053181   001531961   密集书库/ [索取号:B83-61/11] 在馆    
7 0053182   000515918   第一样本阅览室/ [索取号:B83-61/11] 在馆    
8 0053183   001532005   密集书库/ [索取号:B83-61/11] 在馆    
9 0053184   000515909   密集书库/ [索取号:B83-61/11] 在馆    
10 0053186   001798353   密集书库/ [索取号:B83-61/11] 在馆    
11 0053187   202164371   密集书库/ [索取号:B83-61/11] 在馆    
12 0054921   000512092   密集书库/ [索取号:B83-61/11] 在馆    
13 0054922   001531881   密集书库/ [索取号:B83-61/11] 在馆    
14 0054923   001531845   密集书库/ [索取号:B83-61/11] 在馆    
15 0054924   001531809   密集书库/ [索取号:B83-61/11] 在馆    
16 0054925   001531765   密集书库/ [索取号:B83-61/11] 在馆    
17 0130550   202164585   密集书库/ [索取号:B83-61/11] 在馆    
18 0130551   000515954   密集书库/ [索取号:B83-61/11] 在馆    
19 0130552   000515927   密集书库/ [索取号:B83-61/11] 在馆    
20 0130553   000512136   密集书库/ [索取号:B83-61/11] 在馆    
21 0130554   000512056   密集书库/ [索取号:B83-61/11] 在馆    
22 0130555   202216057   密集书库/ [索取号:B83-61/11] 在馆    
23 0130556   202391410   密集书库/ [索取号:B83-61/11] 在馆    
24 0130557   202164353   密集书库/ [索取号:B83-61/11] 在馆    
25 0130558   001659510   密集书库/ [索取号:B83-61/11] 在馆    
26 0130559   000512109   第一样本阅览室/ [索取号:B83-61/11] 在馆    
27 0130560   001659529   密集书库/ [索取号:B83-61/11] 在馆    
28 0139812   000512065   密集书库/ [索取号:B83-61/11] 在馆    
29 0139813   202368598   密集书库/ [索取号:B83-61/11] 在馆    
30 0440166   204401664   密集书库/ [索取号:B83-61/11] 在馆    
31 0440167   204401673   密集书库/ [索取号:B83-61/11] 在馆    
32 0459654   204596543   密集书库/ [索取号:B83-61/11] 在馆    
33 0459655   204596552   密集书库/ [索取号:B83-61/11] 在馆    
欢迎您!
大连网信软件有限公司© 版权所有